Optimálne riadenie 2 : Zbierka riešených úloh /

Enregistré dans:
Détails bibliographiques
Auteur principal: Kostúr, Karol (Auteur)
Format: Livre
Langue:slovaque
Publié: Košice : Vysoká škola technická v Košiciach, 1985
Édition:1.vyd.
Sujets:
Tags: Ajouter un tag
Pas de tags, Soyez le premier à ajouter un tag!

MARC

LEADER 00000nam a22000003a 4500
001 stu38005
005 20150617225729.1
008 920902s1985----cs------------------slo-d
040 |a STU  |b slo 
041 0 |a slo 
044 |a cs 
080 |a 681.513.5(075.8) 
100 1 |a Kostúr, Karol  |4 aut 
245 1 |a Optimálne riadenie 2 :  |b Zbierka riešených úloh /  |c [aut.]Karol Kostúr 
250 |a 1.vyd. 
260 |a Košice :  |b Vysoká škola technická v Košiciach,  |c 1985 
300 |a 246 s 
650 7 |a Riadenie optimálne  |2 stusub 
996 |b 284M029479  |c M*S-438-1  |l MMKN  |s A  |a 24  |w stu38005_0001